| 000 | 01203 a2200205 4500 | ||
|---|---|---|---|
| 001 | 22369 | ||
| 005 | 20260407155514.0 | ||
| 008 | 260407a1979 arg spa d | ||
| 003 | AR-UNSa-BCEJYS | ||
| 040 |
_aAR-UNSa-BCEJYS _bspa _cAR-UNSa-BCEJYS |
||
| 080 |
_a658.16 _xReorganización financiera (Proyectos de inversión) |
||
| 245 | 1 | 0 |
_aPreparación técnica, evaluación económica y presentación de proyectos _pel proyecto y la economía , el análisis de la demanda, ubicación y tamaño de planta, el cálculo de los costos y la evaluación. |
| 264 | 1 |
_aBuenos Aires : _bAstrea _c1979 |
|
| 300 |
_axxiv, 506 p. _c22 cm. |
||
| 505 | _a1. Antecedentes y nociones de economía - 2. Estudio del mercado - 3. Ingeniería del proyecto - 4. Localización del proyecto - 5. Preparación y procesamiento de la información para la evaluación y selección de proyectos - 6. Evaluación y selección de proyectos - 7. Presentación del proyecto. | ||
| 942 | _cBK | ||
| 590 | _aniveau_biblio:m niveau_hierar:0 | ||
| 100 | 1 | _aMunier, Nolberto J. | |
| 856 | 4 | 1 |
_uhttps://biblioeco.unsa.edu.ar/pmb/images/libros/Preparaci?n T?cnica Evaluaci?n Econ?mica y Presentaci?n de Proyectos.jpg _yImagen de portada _qimage/jpeg |
| 999 |
_c987 _d987 |
||